000 00350nam a2200097Ia 4500
008 220120s9999||||xx |||||||||||||| ||und||
100 _aNandana, Prashanth and Paneer Chaluva
_912406
245 0 _aDigital implementation of DLL used in DDR2 interface
260 _aCoorg Institute of Technology
_bPonnampet
_c2012
650 _aELECTRONICS AND COMMUNICATIONS
999 _c137993
_d137993